000 00601nmm a2200193Ia 4500
008 251105s9999||||xx |||||||||||||||||und||
020 _a8476587961
041 _aspa
100 _aFaixa, Carles (Dir.)
245 0 _aJóvenes 'latinos' en Barcelona. Espacio público y cultura urbana
264 _a[Madrid, España] :
_bAnthropos,
_c2006
300 _a334 páginas
490 _aLibros de la Revista Anthropos
650 _aSociology
700 _aFaixa, Carles (Dir.)
700 1 _a Porzio, L. y Recio, C. (Coords.)
856 _uhttps://public.digitaliapublishing.com/a/15599
942 _cCF
999 _c65229
_d65229